000 01826aab a2200457 a 4500
003 AR-RoUNA
008 140529||||||||||||||||| |||| 0|||| d
040 _aAR-RoUNA
_bspa
041 _aspa
_aeng
044 _aag
080 _a72.036
245 1 3 _aOn Diseño /
_nNº 148
260 _aBarcelona :
_bOn Diseño,
_c1996
300 _a167.p. :
_bdib.
_bfot. col.
_bplantas
_c29x24 cm
505 0 _tFACHADAS LIGERAS
505 0 _aAproximación a los muros cortina y otros para fachadas ligeras. p. 55
505 0 _tMONUMENTOS, OBJETOS CONMEMORATIVOS Y OTRAS FORMAS DE DISEÑO
505 0 _aMuller Willy. Escultura y objeto conmemorativo en Mercabarna. p. 64
505 0 _aPodrecca Boris / Galería de arte A+A. (Madrid). p. 76
505 0 _tDISEÑO
505 0 _aPanorama actual del diseño para el hábiitat, p. 86
505 0 _aCarmen en Verona. p. 122
505 0 _aARQUITECTURA RESIDENCIAL
505 0 _aVillanueva Alfredo / Edificio de Viviendas en Palomeras. (Madrid). p. 104
505 0 _aDomínguez Martín / Edificio de Viviendas en Madrid. p. 112
505 0 _tINTERIORISMO Y RESTAURACION
505 0 _aBenito Jesús / Restaurante Lauré. (Madrid). p. 138
505 0 _aMantiñan José/ Restaurante Le Lebolina. (La Coruña). p. 146
505 0 _aIbarguengoitia y Nogués. M / Restaurante Ticktacktoe. (Barcelona). p. 152
505 0 _aGarcía J. Seguno Arana / Restaurante Ribs (Madris). p.160
650 _aArquitectura contemporanea
_912621
653 _aExposiciones
653 _aPremios
700 1 _aLlopis, Carme
_edrt
_912622
773 _aOn Diseño
_dBarcelona, AramEdiciones S.A, 1996
_gNº148 ( 1993). p.167
_x0210-2080
908 _aImp
930 _c170
_e6916
942 _2udc
_cART
945 _aMBP
_d2019-02-20
980 _81
_gMaricel Allasia
_61
_aMaricel Allasia
999 _c12155
_d12155